| 000 | 00314nam a2200097Ia 4500 | ||
|---|---|---|---|
| 008 | 220120s9999||||xx |||||||||||||| ||und|| | ||
| 100 |
_aIrshad, adithya shah, amal kuriakose, arjun pradeep _912749 |
||
| 245 | 0 | _aIP Sparker using Rasberry PI | |
| 260 |
_aCoorg Institute of Technology _bPonnampet |
||
| 650 | _aMECHANICAL | ||
| 999 |
_c138349 _d138349 |
||